Statistiques concernant Équipes de hockey de la WHL

Cliquez ici pour prendre le quiz!

Statistiques générales

  • Ce quiz a été pris 19 fois
  • Le résultat moyen est 15 sur 22

Statistiques - réponses

VilleÉquipe% Correct
RéginaPats
88%
EdmontonOil Kings
81%
Prince AlbertRaiders
81%
SaskatoonBlades
75%
SpokaneChiefs
75%
VancouverGiants
75%
CalgaryHitmen
75%
WinnipegIce
75%
KelownaRockets
75%
KamloopsBlazers
69%
Swift CurrentBroncos
69%
Prince GeorgeCougars
69%
Red DeerRebels
69%
Medicine HatTigers
69%
LethbridgeHurricanes
63%
EverettSilvertips
63%
BrandonWheat Kings
63%
PortlandWinter Hawks
63%
Moose JawWarriors
56%
VictoriaRoyals
50%
SeattleThunder Birds
50%
KennewickAmericans
44%

Distribution des résultats

Percentile par nombre de réponses

% des personnes avec chaque résultat

Votre développement - résultats

Vous n’avez pas pris ce quiz